[Event "Brambauer- Bönen"]
[Site "?"]
[Date "2023.10.29"]
[Round "3.8"]
[White "Thormann, Andre"]
[Black "Schuetz, Ralf"]
[Result "1/2-1/2"]
[WhiteElo "1823"]
[BlackElo "1756"]
[PlyCount "62"]
[SourceDate "2023.11.07"]

1. d4 d5 2. Bf4 Nf6 3. e3 c5 4. c3 Nc6 5. Bd3 Qb6 6. Qc1 Nh5 7. Bg3 g6 8. Nd2
Nxg3 9. hxg3 cxd4 10. exd4 Bg7 11. Ngf3 Bg4 12. Qc2 Rc8 13. Qb3 Qxb3 14. axb3
O-O 15. O-O a6 16. Rae1 Rfe8 17. b4 f6 18. b5 axb5 19. Bxb5 Kf8 20. Nb3 Bxf3
21. gxf3 e5 22. dxe5 fxe5 23. Nc5 Re7 24. Nd3 d4 25. Bxc6 bxc6 26. cxd4 exd4
27. Rxe7 Kxe7 28. b4 Re8 29. Re1+ Kf7 30. Rc1 Re6 31. f4 Rd6 1/2-1/2

[Event "Waltrop- Dortmund"]
[Site "?"]
[Date "2023.10.29"]
[Round "3.1"]
[White "Schulenburg, Pit"]
[Black "Eckert, Marius"]
[Result "0-1"]
[WhiteElo "2009"]
[BlackElo "2111"]
[Annotator "daniel"]
[PlyCount "66"]
[SourceDate "2023.11.07"]

1. c4 c6 2. Nf3 d5 3. Qc2 Nf6 4. g3 g6 5. Bg2 Bg7 6. b3 O-O 7. Bb2 a5 8. a3
dxc4 9. bxc4 Na6 10. O-O Nc5 11. d3 Bg4 12. Nbd2 Qc8 13. Rab1 h5 14. Bd4 Ne6
15. Be3 Nd7 16. Qb3 Ndc5 17. Bxc5 Nxc5 18. Qb6 Na4 19. Qxb7 Nc3 20. Qxc8 Nxe2+
21. Kh1 Rfxc8 22. Rfe1 Nc3 23. Rb7 e6 24. Ne5 Bxe5 25. Rxe5 Rd8 26. h3 $11 Bf5
27. Ne4 Rxd3 28. Nxc3 Rxc3 29. Rc5 Rc2 30. Bxc6 Rd8 31. Rd7 Be4+ 32. Kh2 Rxd7
33. Bxd7 Rc1 0-1

[Event "Waltrop- Dortmund"]
[Site "?"]
[Date "2023.10.29"]
[Round "3.2"]
[White "Gasper, Joern"]
[Black "Boehmfeldt, Bruno"]
[Result "1/2-1/2"]
[WhiteElo "2045"]
[BlackElo "2205"]
[PlyCount "34"]
[SourceDate "2023.11.07"]

1. d4 d5 2. Nf3 Nf6 3. Bf4 c5 4. e3 Nc6 5. c3 e6 6. Nbd2 Bd6 7. Bg3 O-O 8. Bd3
Qe7 9. Ne5 Nd7 10. Nxd7 Bxd7 11. Bxd6 Qxd6 12. dxc5 Qxc5 13. Bxh7+ Kxh7 14.
Qh5+ Kg8 15. Ne4 g6 16. Qg5 Qe7 17. Nf6+ Kg7 1/2-1/2

[Event "Waltrop- Dortmund"]
[Site "?"]
[Date "2023.10.29"]
[Round "3.3"]
[White "Zeldin, Leonid"]
[Black "Alali, Dogukan"]
[Result "1/2-1/2"]
[WhiteElo "2026"]
[BlackElo "2010"]
[PlyCount "29"]
[SourceDate "2023.11.07"]

1. g3 Nf6 2. Bg2 g6 3. Nf3 Bg7 4. O-O O-O 5. c4 d6 6. d4 Nc6 7. Nc3 a6 8. b3
Rb8 9. Bb2 b5 10. d5 Na5 11. cxb5 axb5 12. a3 c5 13. dxc6 Nxc6 14. Nd5 Nxd5 15.
Bxg7 1/2-1/2

[Event "Waltrop- Dortmund"]
[Site "?"]
[Date "2023.10.29"]
[Round "3.4"]
[White "Winterberg, Andreas"]
[Black "Zeldin, Vitaly"]
[Result "1-0"]
[WhiteElo "2001"]
[BlackElo "1985"]
[PlyCount "81"]
[SourceDate "2023.11.07"]

1. e4 c5 2. Nf3 d6 3. Bb5+ Nd7 4. O-O Ngf6 5. d4 cxd4 6. Qxd4 a6 7. Bxd7+ Nxd7
8. c4 e5 9. Qd3 Be7 10. Nc3 Nf6 11. Bg5 Be6 12. Rfd1 Rc8 13. b3 Rc6 14. Ne1 h6
15. Bd2 O-O 16. Nc2 Ne8 17. Nb4 Rc8 18. Nbd5 Bg5 19. Bxg5 Qxg5 20. Qg3 Qxg3 21.
hxg3 Rd8 22. Rd3 f5 23. exf5 Bxf5 24. Ne7+ Kh7 25. Nxf5 Rxf5 26. Ne4 Rf7 27.
Rad1 Rfd7 28. Rd5 Nf6 29. Rxd6 Rxd6 30. Rxd6 Rxd6 31. Nxd6 b6 32. Kf1 Kg6 33.
f3 Nd7 34. Ke2 Kf6 35. Ke3 Ke7 36. Ne4 a5 37. a3 Nb8 38. Nc3 Nd7 39. b4 g6 40.
Nd5+ Kd6 41. Nxb6 1-0

[Event "Waltrop- Dortmund"]
[Site "?"]
[Date "2023.10.29"]
[Round "3.5"]
[White "Meinschien, Finn"]
[Black "Drewes, Martin"]
[Result "1/2-1/2"]
[WhiteElo "1915"]
[BlackElo "1949"]
[PlyCount "123"]
[SourceDate "2023.11.07"]

1. e4 e5 2. Nf3 Nc6 3. d4 exd4 4. Nxd4 Nf6 5. Nxc6 bxc6 6. e5 Qe7 7. Qe2 Nd5 8.
c4 Ba6 9. b3 g6 10. Ba3 Nb4 11. Bb2 Bg7 12. a3 Nd5 13. Nd2 O-O 14. O-O-O Rfe8
15. Qf3 Nb6 16. Ne4 Bxe5 17. Bxe5 Qxe5 18. Nf6+ Kf8 19. Nxe8 Qa1+ 20. Kc2 Qa2+
21. Kc1 Qxa3+ 22. Kc2 Qa2+ 23. Kc1 Qa3+ 24. Kc2 Rxe8 25. Qc3 Qa2+ 26. Qb2 Qxb2+
27. Kxb2 Bb7 28. c5 Nd5 29. Bc4 Re5 30. Rhe1 Rf5 31. f3 Nf6 32. Ra1 a6 33. b4
Rf4 34. Kb3 h5 35. Bxa6 Bxa6 36. Rxa6 Nd5 37. Re4 Rxe4 38. fxe4 Nf4 39. Ra2 Ke7
40. Kc4 Ne6 41. Kd3 Kf6 42. Rf2+ Ke7 43. e5 Ng7 44. Ke4 Ne6 45. h4 Ng7 46. Rf3
Ke6 47. Rd3 Nf5 48. g3 Ne7 49. Rd2 Nd5 50. Rd4 Nc3+ 51. Kd3 Nd5 52. Re4 Ne7 53.
Ke3 Nd5+ 54. Kf3 Kf5 55. Rc4 Kxe5 56. Ke2 f5 57. Kd3 Nf6 58. Rd4 Nd5 59. Kc4
Ne3+ 60. Kd3 Nd5 61. Kc4 Ne3+ 62. Kd3 1/2-1/2

[Event "Waltrop- Dortmund"]
[Site "?"]
[Date "2023.10.29"]
[Round "3.6"]
[White "Breidenbach, Rolf"]
[Black "Brockmann, Fabian"]
[Result "0-1"]
[WhiteElo "1896"]
[BlackElo "1957"]
[PlyCount "78"]
[SourceDate "2023.11.07"]

1. d4 Nf6 2. Nf3 c5 3. c3 g6 4. dxc5 Bg7 5. Nbd2 Qc7 6. g3 Qxc5 7. Bg2 d5 8.
O-O O-O 9. Nb3 Qc7 10. Bf4 Qd8 11. Qc1 Nc6 12. Bh6 e5 13. Bxg7 Kxg7 14. Rd1 Qe7
15. e3 e4 16. Nfd4 Ne5 17. h3 h5 18. Rf1 Bd7 19. Qd2 Rac8 20. Rad1 b6 21. Qe2
Nc4 22. Rb1 Rfe8 23. Rfd1 Qe5 24. Nd2 h4 25. Nxc4 Rxc4 26. Qe1 hxg3 27. fxg3
Rh8 28. h4 Nh5 29. Ne2 Bg4 30. Rd2 Bxe2 31. Rxe2 Nxg3 32. Rf2 Rxh4 33. Rd1 Rh5
34. Rfd2 Nf5 35. Rxd5 Qh2+ 36. Kf1 Rg5 37. R1d2 Rc5 38. Rxc5 bxc5 39. Qf2 Rxg2
0-1

[Event "Waltrop- Dortmund"]
[Site "?"]
[Date "2023.10.29"]
[Round "3.7"]
[White "Alarand, Beshr"]
[Black "Sehrbrock, Christoph"]
[Result "1-0"]
[WhiteElo "1934"]
[BlackElo "1823"]
[PlyCount "57"]
[SourceDate "2023.11.07"]

1. e4 d5 2. exd5 Qxd5 3. Nf3 Nf6 4. d4 c6 5. c4 Qd6 6. Nc3 Bg4 7. Be2 Nbd7 8.
O-O e6 9. Be3 Be7 10. a3 O-O 11. Qd2 Qc7 12. b4 Rfd8 13. h3 Bh5 14. Rfd1 Rac8
15. Qc1 Nb6 16. Bf4 Qd7 17. Ne5 Qe8 18. g4 Bg6 19. h4 h5 20. Nxg6 fxg6 21. g5
Nfd7 22. Qe3 Nf8 23. Ne4 Na8 24. Bf1 Nc7 25. Nc5 Bxc5 26. dxc5 Qf7 27. Bh3 Rd7
28. Rd6 Ne8 29. Rxe6 1-0

[Event "Waltrop- Dortmund"]
[Site "?"]
[Date "2023.10.29"]
[Round "3.8"]
[White "Schmidt, Sebastian"]
[Black "Wolff, Torsten"]
[Result "1-0"]
[WhiteElo "1855"]
[BlackElo "1855"]
[PlyCount "61"]
[SourceDate "2023.11.07"]

1. e4 c5 2. Nf3 d6 3. d4 cxd4 4. Nxd4 Nf6 5. Nc3 a6 6. Be3 e5 7. Nb3 Be6 8. Be2
Qc8 9. Nd5 Nbd7 10. f3 Nxd5 11. exd5 Bf5 12. Rc1 Be7 13. O-O O-O 14. c4 Qc7 15.
Nd2 Bg6 16. b4 f5 17. Nb3 b6 18. Qd2 Qb7 19. a4 Rac8 20. a5 Be8 21. axb6 Nxb6
22. Na5 Qb8 23. c5 Na8 24. Bxa6 Rc7 25. c6 Bg6 26. Bb7 Rf7 27. b5 f4 28. Bf2
Bd8 29. b6 Rxb7 30. cxb7 Rxb7 31. Nc6 1-0

[Event "Kirchhellen- Linden"]
[Site "?"]
[Date "2023.10.29"]
[Round "3.1"]
[White "Hahn, Matthias"]
[Black "Hoffterheide, Thomas"]
[Result "1/2-1/2"]
[WhiteElo "2110"]
[BlackElo "1982"]
[PlyCount "33"]
[SourceDate "2023.11.07"]

1. e4 d6 2. d4 Nf6 3. Nd2 c5 4. dxc5 dxc5 5. Ngf3 Nc6 6. c3 e6 7. Qc2 Be7 8.
Be2 O-O 9. O-O Qc7 10. Re1 b6 11. Nf1 Bb7 12. Ng3 Rad8 13. Bg5 h6 14. Be3 Ng4
15. Bd2 Nge5 16. Nxe5 Nxe5 17. f4 1/2-1/2

[Event "Kirchhellen- Linden"]
[Site "?"]
[Date "2023.10.29"]
[Round "3.2"]
[White "Schlueter, Christoph"]
[Black "Boehm, Ingo"]
[Result "1-0"]
[WhiteElo "1956"]
[BlackElo "2081"]
[Annotator "daniel"]
[PlyCount "85"]
[SourceDate "2023.11.07"]

1. d4 Nf6 2. Nf3 g6 3. c4 d6 4. Nc3 Bg7 5. e4 O-O 6. Be2 e5 7. O-O Nc6 8. d5
Ne7 9. Ne1 Ne8 10. Nd3 f5 11. Bd2 Kh8 12. Rc1 Ng8 13. b4 Ngf6 14. f3 f4 15. c5
Nh5 16. Be1 Qg5 17. Nf2 Ng3 18. hxg3 fxg3 19. Rc2 Qh4 20. Nh3 Bh6 21. Bxg3 Qxg3
22. Qe1 Be3+ 23. Kh1 Qxe1 24. Rxe1 a5 25. cxd6 cxd6 26. a3 axb4 27. axb4 Nc7
28. Bc4 Bd4 29. Kh2 Na6 30. Ne2 Bb6 31. Rb1 Bd7 32. Ng5 $11 Nc7 33. Ne6 Rfc8
34. Bb3 Nxe6 35. Rxc8+ Rxc8 36. dxe6 Bb5 37. Rc1 Rxc1 38. Nxc1 Kg7 39. Bd5 Bc6
40. Nb3 Ba4 41. Na5 Bxa5 42. bxa5 Kf6 43. Bxb7 1-0

[Event "Kirchhellen- Linden"]
[Site "?"]
[Date "2023.10.29"]
[Round "3.3"]
[White "Kandyba, Andriy"]
[Black "Sinnwell, Horst"]
[Result "1-0"]
[WhiteElo "1984"]
[BlackElo "1979"]
[PlyCount "39"]
[SourceDate "2023.11.07"]

1. d4 e6 2. c4 d5 3. Nc3 Nf6 4. Nf3 Be7 5. Bf4 O-O 6. e3 a6 7. c5 Nbd7 8. Bd3
Re8 9. h3 Nf8 10. b4 b6 11. O-O Bb7 12. a3 Ne4 13. Qc2 f5 14. Ne5 Ng6 15. Nxg6
hxg6 16. Nxe4 fxe4 17. Be2 c6 18. f3 exf3 19. Rxf3 g5 20. Be5 1-0

[Event "Kirchhellen- Linden"]
[Site "?"]
[Date "2023.10.29"]
[Round "3.4"]
[White "Borgs, Martin"]
[Black "Schmidt, Ralph"]
[Result "1-0"]
[WhiteElo "1899"]
[BlackElo "1878"]
[PlyCount "67"]
[SourceDate "2023.11.07"]

1. d4 Nf6 2. Nf3 d6 3. c4 g6 4. g3 Bg7 5. Nc3 b6 6. Bg2 Bb7 7. Qc2 O-O 8. O-O
Nbd7 9. Rd1 Re8 10. d5 e5 11. dxe6 fxe6 12. Bg5 Rb8 13. Rac1 Bxf3 14. exf3 Ne5
15. Nb5 a6 16. f4 Nf7 17. Nd4 Qc8 18. Nc6 Ra8 19. Re1 a5 20. Re2 Nxg5 21. fxg5
Nd7 22. Qe4 Ra6 23. f4 Kh8 24. Rce1 Nc5 25. Qf3 Rf8 26. Bh3 Re8 27. Bg4 a4 28.
h4 Qd7 29. h5 gxh5 30. Bxh5 Rf8 31. Bg4 Re8 32. f5 Qf7 33. Bh5 Qf8 34. f6 1-0

[Event "Kirchhellen- Linden"]
[Site "?"]
[Date "2023.10.29"]
[Round "3.5"]
[White "Hochstein, Udo"]
[Black "Andersen, Knut"]
[Result "0-1"]
[WhiteElo "1849"]
[BlackElo "1949"]
[PlyCount "82"]
[SourceDate "2023.11.07"]

1. d4 Nf6 2. c4 c5 3. d5 e6 4. Nc3 exd5 5. cxd5 d6 6. e4 a6 7. a4 g6 8. f4 Bg7
9. Nf3 Bg4 10. Be2 Bxf3 11. Bxf3 O-O 12. O-O Nbd7 13. Re1 Ne8 14. Be3 Rb8 15.
a5 b5 16. axb6 Rxb6 17. Qc2 Qb8 18. Ra2 Nc7 19. Bf2 Re8 20. Re2 Nb5 21. Nxb5
Rxb5 22. g4 Rb3 23. Kg2 Qb5 24. Be1 Rb8 25. Bc3 Bd4 26. e5 Qc4 27. e6 Nf6 28.
Bxd4 Qxd4 29. Qd2 Rd3 30. exf7+ Kxf7 31. Qa5 Nxd5 32. Rf2 Nxf4+ 33. Kf1 Re8 34.
Ra1 Qc4 35. Kg1 Nh3+ 36. Kg2 Nxf2 37. Kxf2 Rxf3+ 38. Kxf3 Qe2+ 39. Kg3 Re3+ 40.
Kf4 Qf3+ 41. Kg5 Qf6+ 0-1

[Event "Kirchhellen- Linden"]
[Site "?"]
[Date "2023.10.29"]
[Round "3.6"]
[White "Gajda, Peter"]
[Black "Jedner, Volker"]
[Result "1/2-1/2"]
[WhiteElo "1811"]
[BlackElo "1778"]
[PlyCount "27"]
[SourceDate "2023.11.07"]

1. d4 d5 2. Nf3 Nf6 3. g3 g6 4. Bg2 Bg7 5. O-O O-O 6. b3 Re8 7. Bb2 c6 8. Nbd2
Bf5 9. c4 Na6 10. a3 Nc7 11. Rc1 Ne4 12. Nh4 Nxd2 13. Qxd2 Be6 14. c5 1/2-1/2

[Event "Kirchhellen- Linden"]
[Site "?"]
[Date "2023.10.29"]
[Round "3.7"]
[White "Pappert, Thomas"]
[Black "Kueper, Peter"]
[Result "0-1"]
[WhiteElo "1748"]
[BlackElo "1784"]
[PlyCount "68"]
[SourceDate "2023.11.07"]

1. c4 c6 2. e3 d5 3. Nf3 Bf5 4. b3 Nf6 5. Bb2 e6 6. Be2 h6 7. O-O Bd6 8. Nh4
Bh7 9. f4 Nbd7 10. Nf3 Qc7 11. Nc3 g5 12. cxd5 exd5 13. Rc1 Rg8 14. Nb5 Qb8 15.
Nxd6+ Qxd6 16. Be5 Qe7 17. d3 g4 18. Nh4 Nxe5 19. fxe5 Qxe5 20. e4 g3 21. h3
O-O-O 22. Nf3 Qf4 23. e5 Nd7 24. d4 f6 25. Kh1 Qe3 26. b4 Kb8 27. b5 c5 28. e6
Qxe6 29. dxc5 Rc8 30. Nd4 Qf7 31. c6 Ne5 32. Qb3 Be4 33. Nf5 Qe6 34. Nd4 Qxh3+
0-1

[Event "Kirchhellen- Linden"]
[Site "?"]
[Date "2023.10.29"]
[Round "3.8"]
[White "Burkart, Stefan"]
[Black "Knackstedt, Ulf"]
[Result "1/2-1/2"]
[WhiteElo "1737"]
[BlackElo "1723"]
[PlyCount "125"]
[SourceDate "2023.11.07"]

1. d4 d5 2. c4 e6 3. Nc3 c6 4. Nf3 Bd6 5. Bg5 Qc7 6. e4 dxe4 7. Nxe4 Bb4+ 8.
Bd2 a5 9. c5 Nf6 10. Nd6+ Ke7 11. Ne5 Rf8 12. Bxb4 axb4 13. Bd3 b6 14. O-O Nbd7
15. Qf3 Nd5 16. Nxd7 Qxd7 17. Rfe1 bxc5 18. dxc5 Ra5 19. Nf5+ Kd8 20. Nxg7 Rg8
21. Nh5 Qe7 22. Ng3 Qf6 23. Qxf6+ Nxf6 24. Ne4 Nxe4 25. Bxe4 Rxc5 26. Rac1 Ra5
27. Rxc6 Rxa2 28. Rec1 Kd7 29. Rc7+ Kd6 30. f4 Bd7 31. Rb7 f5 32. Bf3 Ba4 33.
Rb6+ Ke7 34. Rxb4 Rd8 35. b3 Be8 36. Rb7+ Kf6 37. Rb1 Rdd2 38. Rxh7 Bb5 39.
Rh6+ Kf7 40. Re1 Bd7 41. Rh8 Rab2 42. Rb8 Rd3 43. Rc1 Rbxb3 44. Rxb3 Rxb3 45.
Rc7 Ke8 46. Bc6 Bxc6 47. Rxc6 Kf7 48. Rc2 Rb4 49. g3 Rb3 50. Kg2 Kf6 51. Re2
Rc3 52. h3 Rc4 53. Kf3 Rc1 54. g4 Rf1+ 55. Rf2 Rc1 56. g5+ Kf7 57. h4 Rc3+ 58.
Kg2 Kg6 59. Re2 Kh5 60. Rxe6 Kxh4 61. Rh6+ Kg4 62. g6 Kxf4 63. Kf2 1/2-1/2

[Event "Buer- Bottrop"]
[Site "?"]
[Date "2023.10.29"]
[Round "3.1"]
[White "Ruhmann, Gabriel"]
[Black "Wolff, Christoph"]
[Result "1/2-1/2"]
[WhiteElo "1903"]
[BlackElo "2014"]
[Annotator "daniel"]
[PlyCount "53"]
[SourceDate "2023.11.07"]

1. Nf3 Nf6 2. c4 g6 3. d4 Bg7 4. Nc3 d5 5. Bg5 Ne4 6. cxd5 Nxg5 7. Nxg5 e6 8.
Qd2 h6 9. Nf3 exd5 10. e3 O-O 11. Bd3 Re8 12. O-O Bg4 13. Rac1 Bxf3 14. gxf3 c5
15. dxc5 Qg5+ 16. Kh1 d4 17. Ne4 Qh5 18. Qe2 Nc6 19. Nd6 Re7 20. f4 Qxe2 21.
Bxe2 dxe3 22. fxe3 Rxe3 23. Bc4 Re7 24. f5 Bxb2 25. Rce1 Bd4 26. fxg6 Bxc5 27.
Bxf7+ {Rest nicht lesbar!} 1/2-1/2

[Event "Buer- Bottrop"]
[Site "?"]
[Date "2023.10.29"]
[Round "3.2"]
[White "Hammerich, Simon"]
[Black "Stadtmann, Jens"]
[Result "1/2-1/2"]
[WhiteElo "2034"]
[BlackElo "2186"]
[PlyCount "60"]
[SourceDate "2023.11.07"]

1. e4 e6 2. d4 d5 3. e5 Qd7 4. c3 b6 5. h4 Ne7 6. h5 h6 7. Na3 c6 8. Nc2 Ba6 9.
Bxa6 Nxa6 10. Qd3 Nc7 11. Ne2 c5 12. O-O Qb5 13. Qd2 Nc6 14. a3 Na5 15. Qd1 Nb3
16. Rb1 O-O-O 17. f4 g6 18. hxg6 fxg6 19. Be3 Be7 20. Nc1 Nxc1 21. Bxc1 Kb7 22.
b4 c4 23. Ne3 a6 24. Bd2 h5 25. Qf3 Ka7 26. Kf2 Rdf8 27. Ke2 Qe8 28. g4 hxg4
29. Qxg4 Qf7 30. Rh1 Rh5 1/2-1/2

[Event "Buer- Bottrop"]
[Site "?"]
[Date "2023.10.29"]
[Round "3.3"]
[White "Boehm, Joachim"]
[Black "Wiechen, Ulrich"]
[Result "1-0"]
[WhiteElo "2208"]
[BlackElo "1923"]
[Annotator "daniel"]
[PlyCount "77"]
[SourceDate "2023.11.07"]

1. e4 e5 2. Nf3 Nc6 3. Bb5 a6 4. Bxc6 dxc6 5. d4 Bg4 6. dxe5 Qxd1+ 7. Kxd1
O-O-O+ 8. Ke2 f6 9. h3 Bxf3+ 10. Kxf3 fxe5 11. Be3 Nf6 12. Nd2 Be7 13. Ke2 h6
14. g3 Rhf8 15. Rad1 Rf7 16. a3 c5 17. Rhg1 g5 18. f3 Bd6 19. g4 Ng8 $11 20.
Rh1 Ne7 21. h4 Nc6 22. hxg5 hxg5 23. c3 Be7 24. Rh5 Rg8 25. Nf1 Rgf8 26. Ng3
Bd8 27. Nf5 Rg8 28. Nh6 Rfg7 29. Nxg8 Rxg8 30. Bxc5 Na5 31. Rdh1 b6 32. Be3 Kd7
33. Rh8 Rxh8 34. Rxh8 Nc4 35. b3 Nxa3 36. Rg8 Nb5 37. Kd3 Be7 38. Rg7 Ke6 39.
Bxg5 1-0

[Event "Buer- Bottrop"]
[Site "?"]
[Date "2023.10.29"]
[Round "3.4"]
[White "Winzbeck, Frank"]
[Black "Masberg, Stefan"]
[Result "1/2-1/2"]
[WhiteElo "1850"]
[BlackElo "1897"]
[PlyCount "145"]
[SourceDate "2023.11.07"]

1. d4 Nf6 2. c4 e6 3. Nf3 d5 4. Nc3 Bb4 5. Bg5 O-O 6. e3 c6 7. Bd3 Nbd7 8. O-O
Qc7 9. Qc2 h6 10. Bh4 dxc4 11. Bxc4 Bxc3 12. bxc3 c5 13. Bg3 Qc6 14. a4 cxd4
15. cxd4 b6 16. Rfc1 Bb7 17. Bb5 Qxc2 18. Rxc2 Rfc8 19. Bc7 a6 20. Bxd7 Nxd7
21. Rac1 Bd5 22. Nd2 b5 23. e4 Bb7 24. a5 Nf6 25. f3 Ne8 26. Kf2 Kf8 27. Nb3
Ke7 28. Ke3 Nd6 29. Bxd6+ Kxd6 30. Nc5 Rc7 31. e5+ Ke7 32. Nxb7 Rxb7 33. Rc7+
Rxc7 34. Rxc7+ Ke8 35. Kd3 Rb8 36. Ra7 b4 37. Rxa6 Rb5 38. Kc2 Rd5 39. Rb6 Rxa5
40. Rxb4 Ra2+ 41. Rb2 Ra3 42. Kd2 g6 43. Ke2 Kf8 44. Rd2 Ke7 45. h4 Kd7 46. g3
Kc6 47. Rd3 Ra4 48. Ke3 Kd5 49. f4 h5 50. Rc3 Rxd4 51. Rc7 Ra4 52. Rd7+ Kc5 53.
Rxf7 Ra3+ 54. Kf2 Ra2+ 55. Kf3 Ra3+ 56. Kg2 Ra2+ 57. Kh3 Kd5 58. Rg7 Ke4 59.
Rb7 Kf5 60. Rb1 Rc2 61. Rg1 Rc3 62. Rg2 Rb3 63. Rc2 Ra3 64. Rc8 Ra2 65. Re8 Rb2
66. Ra8 Rc2 67. Ra1 Rb2 68. Rg1 Rb3 69. Rg2 Rc3 70. Rb2 Ra3 71. Rb7 Ra2 72.
Rf7+ Ke4 73. Rb7 1/2-1/2

[Event "Buer- Bottrop"]
[Site "?"]
[Date "2023.10.29"]
[Round "3.5"]
[White "Gierse, Heinz- Dieter"]
[Black "Hirschberg, Markus"]
[Result "1/2-1/2"]
[WhiteElo "1908"]
[BlackElo "1832"]
[PlyCount "60"]
[SourceDate "2023.11.07"]

1. Nf3 Nf6 2. g3 g6 3. Bg2 Bg7 4. d3 O-O 5. O-O d6 6. e4 e5 7. Nbd2 Nc6 8. h3
Bd7 9. c3 Nh5 10. Nc4 Qc8 11. Kh2 Be6 12. Ne3 f5 13. exf5 gxf5 14. Ng5 Nf6 15.
Nxe6 Qxe6 16. f4 e4 17. dxe4 Nxe4 18. Qd5 Rae8 19. Bxe4 fxe4 20. Bd2 Nd8 21. g4
Qxd5 22. Nxd5 c6 23. Ne3 Ne6 24. Nf5 d5 25. Be3 Bf6 26. Rad1 Rd8 27. Rd2 c5 28.
g5 d4 29. gxf6 Rxf6 30. Nxd4 cxd4 1/2-1/2

[Event "Buer- Bottrop"]
[Site "?"]
[Date "2023.10.29"]
[Round "3.6"]
[White "Gill, Stephan"]
[Black "Nowacki, Marcus"]
[Result "1-0"]
[WhiteElo "1823"]
[BlackElo "1842"]
[PlyCount "87"]
[SourceDate "2023.11.07"]

1. d4 d5 2. c4 e6 3. Nc3 Be7 4. Nf3 Nf6 5. Bf4 a6 6. e3 O-O 7. Rc1 Re8 8. Bd3
dxc4 9. Bxc4 Nd5 10. Bg3 Nxc3 11. bxc3 b5 12. Bb3 Bb7 13. O-O Ba3 14. Rb1 Nd7
15. c4 bxc4 16. Bxc4 Be4 17. Bd3 Bxd3 18. Qxd3 Bd6 19. Rfc1 Qf6 20. Rc6 Nb8 21.
Rc3 a5 22. Qb5 Qe7 23. Ne5 Bb4 24. Rxc7 Qxc7 25. Qxe8+ Bf8 26. Ng6 Nd7 27. Qxa8
Qc2 28. Ne7+ Kh8 29. Rf1 Qxa2 30. h3 Qa3 31. Nc6 a4 32. Qe8 Nf6 33. Qxf7 Ne4
34. Be5 Ng5 35. Qe8 Kg8 36. Nd8 Qe7 37. Qxe7 Bxe7 38. Nc6 Bf8 39. Na5 Ne4 40.
Nc4 Bb4 41. Ra1 Nc3 42. Bd6 Bxd6 43. Nxd6 Kf8 44. Nc4 1-0

[Event "Buer- Bottrop"]
[Site "?"]
[Date "2023.10.29"]
[Round "3.7"]
[White "Huestegge, Ulrich"]
[Black "Dereli, Ismail"]
[Result "1-0"]
[WhiteElo "1872"]
[BlackElo "1768"]
[PlyCount "85"]
[SourceDate "2023.11.07"]

1. c4 Nf6 2. Nc3 g6 3. g3 Bg7 4. Bg2 d6 5. e4 O-O 6. d3 c5 7. Nge2 Nc6 8. O-O
Bg4 9. h3 Bd7 10. f4 Qc8 11. Kh2 h5 12. f5 e5 13. Bg5 Nh7 14. Be3 Nd4 15. Nd5
Qd8 16. Qd2 Bc6 17. Nxd4 cxd4 18. Bh6 Bxd5 19. cxd5 Bxh6 20. Qxh6 Qg5 21. Qxg5
Nxg5 22. h4 Nh7 23. Rac1 Rfc8 24. fxg6 fxg6 25. Bh3 Rxc1 26. Rxc1 Rf8 27. Kg2
Nf6 28. Be6+ Kh8 29. Rc7 Ng4 30. Bxg4 hxg4 31. Rxb7 Rc8 32. Rd7 Rc2+ 33. Kf1
Rd2 34. Rxd6 Rxd3 35. Rxg6 Rxg3 36. d6 Rf3+ 37. Ke2 Kh7 38. Re6 d3+ 39. Kd2 Rf8
40. Rxe5 Rf6 41. Re7+ Kg6 42. e5 g3 43. exf6 1-0

[Event "Buer- Bottrop"]
[Site "?"]
[Date "2023.10.29"]
[Round "3.8"]
[White "Gritzan, Ulrich"]
[Black "Jaeger, Heinz"]
[Result "1/2-1/2"]
[WhiteElo "1837"]
[BlackElo "1969"]
[PlyCount "42"]
[SourceDate "2023.11.07"]

1. c4 e5 2. Nc3 f5 3. Nf3 Nc6 4. e3 Nf6 5. d4 e4 6. d5 exf3 7. dxc6 fxg2 8.
cxd7+ Qxd7 9. Qxd7+ Bxd7 10. Bxg2 O-O-O 11. Bd2 Ng4 12. b3 Bc5 13. Nd5 Rhe8 14.
Bb4 Bxb4+ 15. Nxb4 f4 16. e4 Bf5 17. O-O Be6 18. Rad1 Ne5 19. f3 c6 20. Kf2 g5
21. Ke2 Kc7 1/2-1/2

[Event "Altenessen- Haltern"]
[Site "?"]
[Date "2023.10.29"]
[Round "3.1"]
[White "Michalicek, Roland"]
[Black "Praß, Marian"]
[Result "0-1"]
[WhiteElo "1861"]
[BlackElo "2000"]
[PlyCount "88"]
[SourceDate "2023.11.07"]

1. e4 c5 2. Nf3 e6 3. d4 cxd4 4. Nxd4 Nf6 5. Nc3 d6 6. Be3 a6 7. Bc4 b5 8. Bb3
Bb7 9. f3 Nbd7 10. a3 Ne5 11. O-O Nc4 12. Bxc4 bxc4 13. b4 cxb3 14. cxb3 Be7
15. b4 O-O 16. Nb3 Rc8 17. Na5 Rxc3 18. Nxb7 Qc7 19. Bd4 Rc2 20. Nc5 Rc4 21.
Nxa6 Qc6 22. b5 Qxb5 23. Nb4 d5 24. Rc1 Bc5 25. Rxc4 Qxc4 26. Bxc5 Qxc5+ 27.
Rf2 dxe4 28. Qc2 Qd4 29. Nc6 Qa1+ 30. Rf1 Qxa3 31. fxe4 Qe3+ 32. Kh1 Nxe4 33.
g3 Nf6 34. Rf4 Nd5 35. Rf1 h6 36. Qb1 Qc3 37. Rc1 Qf3+ 38. Kg1 Nc3 39. Ne7+ Kh8
40. Rxc3 Qxc3 41. Qb7 Rd8 42. Kg2 Qd2+ 43. Kh3 Qd7 44. Qb4 Re8 0-1

[Event "Altenessen- Haltern"]
[Site "?"]
[Date "2023.10.29"]
[Round "3.2"]
[White "Rohloff, Markus"]
[Black "Czarnik, Josef"]
[Result "0-1"]
[WhiteElo "1896"]
[BlackElo "1899"]
[PlyCount "58"]
[SourceDate "2023.11.07"]

1. e4 e5 2. f4 exf4 3. Nf3 Nf6 4. Nc3 d5 5. exd5 Nxd5 6. Bc4 Nxc3 7. bxc3 Bd6
8. O-O O-O 9. d4 Bg4 10. Qd3 Nd7 11. Bd2 Qf6 12. Rae1 Rae8 13. Bb3 c6 14. Rxe8
Rxe8 15. Re1 Rxe1+ 16. Bxe1 h6 17. Bh4 g5 18. Bf2 Kg7 19. h3 Bf5 20. Qe2 Qe7
21. Qd1 Nf6 22. Ne5 Nd5 23. Qf3 f6 24. Bxd5 cxd5 25. Nd3 Qe4 26. Qd1 b6 27. Qf1
f3 28. g4 Bxg4 29. hxg4 Qxg4+ 0-1

[Event "Altenessen- Haltern"]
[Site "?"]
[Date "2023.10.29"]
[Round "3.3"]
[White "Lombardi, Marco"]
[Black "Kordonowski, Frank"]
[Result "0-1"]
[WhiteElo "1866"]
[BlackElo "1911"]
[PlyCount "76"]
[SourceDate "2023.11.07"]

1. e4 g6 2. Nc3 Bg7 3. f4 d6 4. Nf3 Bg4 5. Be2 c6 6. h3 Bxf3 7. Bxf3 Qb6 8. d3
Nd7 9. Qe2 e6 10. Nd1 Ne7 11. Be3 Qc7 12. c3 O-O 13. O-O d5 14. Nf2 Rfe8 15. g4
g5 16. fxg5 Qg3+ 17. Bg2 Ng6 18. Nh1 Qd6 19. Rf2 c5 20. Raf1 Be5 21. Rd1 d4 22.
cxd4 cxd4 23. Bc1 Rac8 24. b3 Rc7 25. Qf3 Ndf8 26. a4 Rec8 27. Bd2 Nh4 28. Qe2
Nfg6 29. Qe1 Bh2+ 30. Kf1 Qa3 31. e5 Nxg2 32. Rxg2 Bxe5 33. Re2 Qxb3 34. Kf2
Nf4 35. Bxf4 Bxf4 36. Ng3 Bxg5 37. Kg2 Qd5+ 38. Kg1 Rc1 0-1

[Event "Altenessen- Haltern"]
[Site "?"]
[Date "2023.10.29"]
[Round "3.4"]
[White "Cavasin, Joerg"]
[Black "Schulz, Alfons"]
[Result "1/2-1/2"]
[WhiteElo "1870"]
[BlackElo "1759"]
[PlyCount "77"]
[SourceDate "2023.11.07"]

1. Nf3 Nf6 2. c4 g6 3. Nc3 Bg7 4. g3 d6 5. Bg2 O-O 6. O-O e5 7. d4 Nbd7 8. e3
c6 9. Qc2 Re8 10. d5 c5 11. e4 h6 12. Rb1 b6 13. h3 Rf8 14. Ne1 Nh5 15. Qe2 a6
16. Nc2 Qe8 17. Bf3 Ndf6 18. Kg2 Bd7 19. Ne3 b5 20. b4 cxb4 21. Rxb4 a5 22. Rb1
b4 23. Nb5 Qb8 24. a4 Rc8 25. Bd2 Bf8 26. Rfc1 Ng7 27. Ng4 Nxg4 28. hxg4 g5 29.
Rh1 Ne8 30. Rh2 Bg7 31. Rbh1 Nf6 32. Be3 Be8 33. Qd2 Nh7 34. Be2 Ra6 35. Rc1
Bf8 36. Rhh1 Qb7 37. Rc2 Nf6 38. Bf3 Nd7 39. Rcc1 1/2-1/2

[Event "Altenessen- Haltern"]
[Site "?"]
[Date "2023.10.29"]
[Round "3.5"]
[White "Lohkemper, Malte"]
[Black "Drawe, Thomas"]
[Result "1/2-1/2"]
[WhiteElo "1697"]
[BlackElo "1793"]
[PlyCount "28"]
[SourceDate "2023.11.07"]

1. d4 e6 2. Nf3 c5 3. c3 Nf6 4. Bf4 Nc6 5. e3 Be7 6. Nbd2 O-O 7. Bd3 b6 8. Qe2
Bb7 9. O-O Nh5 10. Bg3 f5 11. Ne5 Nxg3 12. hxg3 Nxe5 13. dxe5 Qc7 14. f4 a6
1/2-1/2

[Event "Altenessen- Haltern"]
[Site "?"]
[Date "2023.10.29"]
[Round "3.6"]
[White "Praßer, Peter"]
[Black "Eusgeld, Michael"]
[Result "1/2-1/2"]
[WhiteElo "1693"]
[BlackElo "1737"]
[PlyCount "26"]
[SourceDate "2023.11.07"]

1. d4 d5 2. Nf3 Nf6 3. e3 Bg4 4. Be2 e6 5. O-O Bd6 6. c4 c6 7. c5 Bc7 8. h3 Bh5
9. b4 Nbd7 10. Bb2 O-O 11. Nbd2 Qb8 12. Ne1 Bxe2 13. Qxe2 e5 1/2-1/2